Central Library OPAC University of Rajshahi

Recreation for today's society / (Record no. 16276)

MARC details
000 -LEADER
fixed length control field 00872pam a2200277 4500
001 - CONTROL NUMBER
control field 16276
003 - CONTROL NUMBER IDENTIFIER
rucl marc code BD-RjUL
005 - DATE AND TIME OF LATEST TRANSACTION
control field 20211209000005.0
008 - FIXED-LENGTH DATA ELEMENTS--GENERAL INFORMATION
fixed length control field 140213s1974 njua b 001 0 eng d
020 ## - INTERNATIONAL STANDARD BOOK NUMBER
International Standard Book Number 0137687214
035 ## - SYSTEM CONTROL NUMBER
System control number (BD-RjUL)16331
040 ## - CATALOGING SOURCE
Original cataloging agency DLC
Transcribing agency DLC
Modifying agency DLC
-- BD-RjUL
Language of cataloging eng
041 ## - LANGUAGE CODE
Language code of text/sound track or separate title eng
082 00 - DEWEY DECIMAL CLASSIFICATION NUMBER
Classification number 790.0973
Author mark and year BUR 1974
100 1# - MAIN ENTRY--PERSONAL NAME
Personal name Bucher, Charles A.
Dates associated with a name 1912-
9 (RLIN) 50327
245 10 - TITLE STATEMENT
Title Recreation for today's society /
Statement of responsibility, etc. Charles A. Bucher [and] Richard D. Bucher.
260 ## - PUBLICATION, DISTRIBUTION, ETC. (IMPRINT)
Place of publication, distribution, etc. Englewood Cliffs, N.J., :
Name of publisher, distributor, etc. Prentice-Hall,
Date of publication, distribution, etc. c1974
300 ## - PHYSICAL DESCRIPTION
Pagination viii, 264 p. :
Illustrations illus. ;
Size 23 cm.
504 ## - BIBLIOGRAPHY, ETC. NOTE
Bibliography, etc Includes bibliographies.
650 #0 - SUBJECT ADDED ENTRY--TOPICAL TERM
Topical term or geographic name as entry element Recreation
Geographic subdivision United States.
9 (RLIN) 50304
Topical term or geographic name as entry element Leisure
Geographic subdivision United States.
9 (RLIN) 50328
700 1# - ADDED ENTRY--PERSONAL NAME
Personal name Bucher, Richard D.,
Dates associated with a name 1949-
Relator term joint author.
942 ## - ADDED ENTRY ELEMENTS (KOHA)
Source of classification or shelving scheme Dewey Decimal Classification
Koha item type Books
Holdings
Lost status Source of classification or shelving scheme Damaged status Not for loan Collection code Permanent Location Current Location Shelving location Date acquired Source of acquisition Total Checkouts Full call number Date last seen Copy number Koha item type
  Dewey Decimal Classification   Not For Loan Non-fiction Central Library, University of Rajshahi Central Library, University of Rajshahi Reading Room 22/10/1985 Asia Foundation   790.0973 BUR 1974 13/02/2014 C-1 Books